000 01078nam a2200313 i 4500
003 EG-GICUC
005 20260307132742.0
008 260307s1914 uk ||||fr|||| 001 0 eng d
040 _aEG-GiCUC
_beng
_cEG-GiCUC
_dEG-GiCUC
_eRda
082 0 4 _221
_a341.6043
_bBE . G
092 0 4 _221
099 _aLaw1 11 341.6043 BE . G 1914
100 1 _aBernhardi, John, RobertGeneral Friedrich Von
_eAuthor.
245 1 0 _aGermany and the Next War /
_n
_cGeneral Friedrich Von Bernhardi ; Allen H. Powles.
_b
250 _aSixth Impression
264 1 _aLondon :
_bEdward Arnold,
_c1914.
300 _a288page :
_billustration ;
_c 24 cm.
336 _2rda contenu
_a texte
337 _2rda medias
_aOrdinateur
338 _2 transporteur rda
_a Ressource en ligne
504 _aIncludes bibliographical references and index.
546 _aText in English
650 1 4 _aPublic international law
_2
651 1 _2
700 1 _a Powles, Allen H
_eTranslator.
856 4 0 _uhttps://fll.law.cu.edu.eg/fulltext/bks/B11-08617.pdf
905 _a50
942 _2ddc
_cBK
_e21
_n0
999 _c65583
_d65583